Applied sociology : (Record no. 33515)
[ view plain ]
| 000 -LEADER | |
|---|---|
| fixed length control field | 01127nam a22003011 4500 |
| 001 - CONTROL NUMBER | |
| control field | 33515 |
| 003 - CONTROL NUMBER IDENTIFIER | |
| rucl marc code | BD-RjUL |
| 005 - DATE AND TIME OF LATEST TRANSACTION | |
| control field | 20211209052024.0 |
| 008 - FIXED-LENGTH DATA ELEMENTS--GENERAL INFORMATION | |
| fixed length control field | 140508s1965 nyu b 001 0 eng |
| 035 ## - SYSTEM CONTROL NUMBER | |
| System control number | (BD-RjUL)33606 |
| 040 ## - CATALOGING SOURCE | |
| Original cataloging agency | DLC |
| Transcribing agency | DLC |
| Modifying agency | DLC |
| -- | BD-RjUL |
| Language of cataloging | eng |
| 041 ## - LANGUAGE CODE | |
| Language code of text/sound track or separate title | eng |
| 082 00 - DEWEY DECIMAL CLASSIFICATION NUMBER | |
| Classification number | 301.082 |
| Author mark and year | APP 1965 |
| 100 1# - MAIN ENTRY--PERSONAL NAME | |
| Dates associated with a name | 1920- |
| 9 (RLIN) | 101713 |
| 245 10 - TITLE STATEMENT | |
| Title | Applied sociology : |
| Remainder of title | opportunities and problems / |
| Statement of responsibility, etc. | Edited by Alvin W. Gouldner and S. M. Miller for the Society for the Study of Social Problems. |
| Number of part/section of a work | Part 1 : |
| Name of part/section of a work | A clinical Approach |
| 260 ## - PUBLICATION, DISTRIBUTION, ETC. (IMPRINT) | |
| Place of publication, distribution, etc. | New York : |
| Name of publisher, distributor, etc. | Free Press, |
| Date of publication, distribution, etc. | 1965. |
| 300 ## - PHYSICAL DESCRIPTION | |
| Pagination | xiii, 466 p. ; |
| Size | 24 cm. |
| 500 ## - GENERAL NOTE | |
| General note | "Most of the papers ... were given at the 1961 meetings of the Society in St. Louis." |
| 504 ## - BIBLIOGRAPHY, ETC. NOTE | |
| Bibliography, etc | Includes bibliographical references and index. |
| 650 #0 - SUBJECT ADDED ENTRY--TOPICAL TERM | |
| Topical term or geographic name as entry element | Applied sociology. |
| 9 (RLIN) | 101714 |
| Topical term or geographic name as entry element | Social problems. |
| 9 (RLIN) | 101715 |
| 700 1# - ADDED ENTRY--PERSONAL NAME | |
| Personal name | Miller, S. M. |
| Fuller form of name | (Seymour Michael), |
| Dates associated with a name | 1922- |
| Relator term | joint ed. |
| Personal name | Gouldner, Alvin Ward, |
| 710 2# - ADDED ENTRY--CORPORATE NAME | |
| Corporate name or jurisdiction name as entry element | Society for the Study of Social Problems. |
| 9 (RLIN) | 101718 |
| 942 ## - ADDED ENTRY ELEMENTS (KOHA) | |
| Source of classification or shelving scheme | Dewey Decimal Classification |
| Koha item type | Books |
| Lost status | Source of classification or shelving scheme | Damaged status | Not for loan | Collection code | Permanent Location | Current Location | Shelving location | Date acquired | Source of acquisition | Cost, normal purchase price | Total Checkouts | Full call number | Date last seen | Copy number | Koha item type |
|---|---|---|---|---|---|---|---|---|---|---|---|---|---|---|---|
| Dewey Decimal Classification | Not For Loan | Non-fiction | Central Library, University of Rajshahi | Central Library, University of Rajshahi | Reading Room | 16/02/1966 | Mirza book agency | 39.75 | 301.082 APP 1965 | 08/05/2014 | C-1 | Books |